Rubber technology: A basic course (Record no. 19976)

MARC details
000 -LEADER
fixed length control field 00384nam a2200145Ia 4500
082 ## - DEWEY DECIMAL CLASSIFICATION NUMBER
Classification number NR:62
Item number CRA
100 ## - MAIN ENTRY--AUTHOR NAME
Personal name Craig, Alexander S
245 #0 - TITLE STATEMENT
Title Rubber technology: A basic course
260 ## - PUBLICATION, DISTRIBUTION, ETC. (IMPRINT)
Place of publication Edinburgh
Name of publisher Oliver & Boyd
Year of publication 1963
650 ## - SUBJECT ADDED ENTRY--TOPICAL TERM
Topical Term Rubber products
650 ## - SUBJECT ADDED ENTRY--TOPICAL TERM
Topical Term Rubber teechnology
650 ## - SUBJECT ADDED ENTRY--TOPICAL TERM
Topical Term Vulcanization
942 ## - ADDED ENTRY ELEMENTS (KOHA)
Koha item type Reference
Holdings
Withdrawn status Lost status Damaged status Not for loan Home library Current library Date acquired Cost, normal purchase price Full call number Accession Number Koha item type
        RRII Library RRII Library 16/12/2021 42.00 NR:62 CRA 00704 Books